000 00497nam a2200169Ia 4500
003 GCL
008 140319s9999 xx 000 0 eng d
040 _aGCL /
_cGCL
082 0 4 _a069.0254
_bK C
100 1 _aKUDSON, KENNETH.
245 1 0 _aTHE CAMBRIDGE GUIDE TO THE MUSEUMS OF EUROPE. /
_cKUDSON, KENNETH.
260 _a[S.N] :
_bCAMLRIDGE UNIVERSITY PRESS ،
_c1991
300 _a509
650 0 4 _aMUSEUM - EUROPE DIRECTORIES
650 0 4 _aEUROPE - DESCRIPTION AND TRAVEL
942 _2ddc
_cBK
999 _c17318
_d17318